000 00614nam a2200217Ia 4500
001 20979
003 DO-CoUTE
005 20260204212548.0
008 220104s9999 dr 000 0 spa d
020 _a950-577-193-2
040 _aDO-CoUTE
_bspa
_cDO-CoUTE
041 0 _aspa
082 _a519 N9229
100 1 _aNottoli, Hernán
245 1 0 _aGrafos : Aplicaciones a la arquitectura y el diseño / Hernán Nottoli
260 _aBuenos Aires, Argentina : Editorial de belgrano
300 _a162 páginas
942 _2ddc
_cBK
999 _c20543
_d20543